000 00877nam a22002532 4500
001 0000023255
005 20151021151143.0
008 121004s xx 000 0 eng d
020 _a9966777857 :
040 _aKABU
_cKABU
100 1 _aGakuru, Rhoda.
_@0000182611
245 1 0 _aPoverty, growth and income inequality in Kenya :
_ba SAM perspective /
_cRhoda Gakuru, Naomi Mathenge.
250 _a1st ed.
260 _aNairobi :
_bKIPPRA,
_c2011.
300 _av, 33 p.
650 0 _aPoverty
_zKenya.
_@0000160791
650 0 _aIncome distribution
_cKenya.
_@0000158009
651 0 _aKenya
_xEconomic conditions.
_@0000148722
700 1 _aMathenge, Naomi.
_@0000182612
852 1 _9p200 KES
852 1 _9p200 KES
908 _a121004
950 _@1
999 _c1285
_d1285